Chansons de BTS - Statistics

General Stats
  • This quiz has been taken 50 times
  • The average score is 13 of 22
Answer Stats
Hint Answer % Correct
D Danger / DOPE / DNA / Dimple / Dionysus / Dynamite / Dis-ease
100%
B BTS Cypher PT.1 / Boy In Luv / BTS Cypher Pt. 2: Triptych / BTS Cypher PT.3 : KILLER / Boyz with Fun / Butterfly / Blood Sweat & Tears / Begin / BTS Cypher 4 / Best Of Me / Boy With Luv / Black Swan / Blue & Grey / Butter / Born Singer
96%
F FIRE / First Love / FAKE LOVE / Filter / Friends / Fly To My Room / For Youth
96%
M Moving On / Ma City / MAMA / MIC Drop / Magic Shop / Mikrokosmos / Make It Right / My Time / Moon
81%
S Skit : Circle room talk / Skit: R U Happy Now? / Skit: Soulmate / Spine Breaker / So 4 more / SKIT : Expectation! / Silver Spoon / SKIT : One night in a strange city / Save ME / Stigma / Spring Day / Skit : Billboard Music Awards Speech / So What / Serendipity / Skit / Stay / Still with you
78%
N No More Dream / N.O / Not Today
74%
A Attack on Bangtan / Autumn Leaves / Awake / Am I Wrong / A Supplementary Story : You Never Walk Alone / Airplane pt.2 / Anpanman / Answer : Love Myself
70%
I Intro : 2 COOL 4 SKOOL / Interlude / INTRO : O!RUL8,2? / If I Ruled the World / Intro: Skool Luv Affair / Intro : What am I to you / Interlude : What are you doing now / Intro : The most beautiful moment in life / I NEED U / INTRO : Never Mind / Intro : Boy Meets Evil / Interlude : Wings / Intro : Serendipity / Intro : Singularity / I'm Fine / IDOL / Intro : Persona / Interlude : Shadow / Inner Child
67%
J Just One Day / Jump / Jamais Vu
67%
P Paldogangsan / Pied Piper / Paradise / Permission to dance
67%
O Outro : Circle room cypher / OUTRO : LUV IN SKOOL / Outro: Propose Outro : Do you think it makes sense? / Outro : Love Is Not Over / OUTRO : House Of Cards / Outro : Wings / Outro : Her / Outro : Tear / ON / Outro : Ego
63%
E Embarrassed / Epilogue : Young Forever / Euphoria / Epiphany
59%
G Go Go
59%
L Like / Let Me Know / Look here / Love is not over / Lie / Lost / Love Maze / Louder than bombs / Life Goes On
52%
W We are bulletproof PT.2 / We On / Where You From / War of Hormone / Whalien 52 / We are Bulletproof : the Eternal
52%
R Rain / RUN / Reflection / Respect / Run BTS
48%
H Hip Hop Phile / Hold Me Tight / House OF Cards / Her / HOME
44%
C Coffee / Could you turn off your cell phone / Converse High
37%
T Tomorrow / The Truth Untold / Trivia 起 : Just Dance / Trivia 轉 : Seesaw / Tear / Telepathy / Tony Montana / Tae Two
33%
Y Yet to come / Young Love
30%
U UGH!
22%
Q Quotation Mark
4%
No matching quizzes found
Score Distribution
Percent of People with Each Score
Percentile by Number Answered
Your Score History
You have not taken this quiz